000 00360nam a2200145Ia 4500
005 20240823063946.0
008 240823s9999||||xx |||||||||||||| ||und||
082 _A004.694 P7
100 _aVikas Gupta
245 0 _a.Net Programming
260 _c2007
_b"Dreamtech,New Delhi"
500 _aYES
650 _aNet Programming
_bComputer Science
942 _cNB
999 _c239562
_d239562